00617 a2200193 4500010001400000020002300014035001300037037001600050082001000066100001700076245009900093260004400192260002000236270007300256300003500329500002100364700001900385700001900404 aENG-89796 a8170222656c500.00 aEN-73329 bDBAD / VEN14a304.61 aMandal, R.B.1 aIntroductory methods in population analysis/cby R.B. Mandal, Joseph Uyanga and Hanuman Prasad aNew DelhibConcept Publishing Co.c2007 bBook Link (VEN) aA/15-16, commercial Block, Mohan Garden,e110 059.bNew DelhicDelhi aviii, 267p.:c21 cm (Hb)bfig. aIncludes index. aUyanga, Joseph aHanuman Prasad